00510nam a22001697a 450000500170000001000170001702000260003403500170006003700140007708200100009110000210010124500820012226000330020427000450023730000390028250000190032120100925152628.0 aB-413432-448 a9788174466433c295.00 aB-413432-448 bPUB/Excel a658.3 aKrishnaveni, R.  aHuman resource development :ba researcher's perspective /cby R. Krishnaveni aNew DelhibExcel Booksc2009 aA-45, Narina, Phase IbNew Delhie110028 axviii, 399p.:c26 cm. (Pbk)eillu. aincludes Index